Liedtext - Heul Doch - LaFee - Statistiken

Allgemein
  • Dieses Quiz wurde 82 mal gespielt
  • Das Durchschnittsergebnis liegt bei 256 aus 361
Antwortstatistiken
Textquiz % Korrekt
doch
98%
Heul
98%
heul
98%
du
93%
Du
93%
da
90%
geh
88%
Wenn
87%
Dann
83%
dann
83%
Ich
83%
ich
83%
bis
82%
bist
82%
die
82%
und
82%
bitte
80%
Bitte
80%
will
78%
dich
73%
willst
73%
Das
72%
das
72%
fertig
72%
was
72%
Was
72%
zu
72%
nicht
70%
noch
70%
ab
68%
damit
68%
dein
68%
mir
68%
wie
67%
an
65%
auf
65%
dir
65%
hab'
65%
bin
63%
hast
63%
es
62%
Es
62%
Mein
62%
mein
62%
na
60%
deine
58%
Deine
58%
ist
58%
mich
58%
Hau
55%
Ja
55%
ja
55%
nie
55%
in
53%
Liebe
53%
'ner
53%
für
52%
mehr
52%
schon
52%
Denn
50%
denn
50%
endlich
50%
her
50%
komm
50%
sind
50%
so
50%
Augen
48%
fleh
48%
Gesicht
48%
hier
48%
mal
48%
Sag
48%
sag
48%
sehen
48%
deinen
47%
jetzt
47%
Knie
47%
Lied
47%
weg
47%
blind
45%
dieses
45%
fall
45%
Herz
45%
macht
45%
Oh
45%
reicht
45%
über
45%
verdient
45%
vor
45%
Arschloch
43%
sing'
43%
brennt
42%
Feuer
42%
ganz
42%
geglaubt
42%
nur
42%
vertraut
42%
drüber
40%
lange
40%
längst
40%
Lügen
40%
nass
40%
Oder
40%
vergessen
40%
werd'
40%
wirklich
40%
fang
38%
nein
38%
schrieb'
38%
wann
38%
wert
38%
geht
37%
kapiert
37%
sitzt
37%
umdreh'
37%
bleib
35%
dran
35%
eben
35%
gut
35%
Hals
35%
keinen
35%
Nochmal
35%
schwitzen
35%
Spiel
35%
drei
33%
hat
33%
ich's
33%
kocht
33%
Magen
33%
ohne
33%
sitzen
33%
verpasst
33%
vorbei
33%
zähle
33%
andern
32%
doof
32%
rasiert
30%
vermiss'
27%
Zweck
27%
verarschst
23%
Keine übereinstimmenden Quizze gefunden
Verteilung der Resultate
Anzahl Personen mit jedem Resultat
Perzentil nach korrekt beantworteten Fragen
Ihre Resultats-Entwicklung
Sie haben dieses Quiz noch nicht gespielt